| Tag |
First Indicator |
Second Indicator |
Subfields |
| LEADER |
00000cam a2200000 4500 |
| 001 |
in00000731421 |
| 005 |
20151016074241.0 |
| 008 |
770516s1936 caua b 00000 engmc |
| 010 |
|
|
|a a 36000146
|
| 035 |
|
|
|a (OCoLC)02969520
|
| 035 |
|
|
|9 ADF0045AM
|
| 040 |
|
|
|a Calif. U. Lib.
|c VTU
|d VTU
|d TXA
|d UtOrBLW
|
| 049 |
|
|
|a TXAM
|c [86101]
|
| 050 |
|
0 |
|a QL1
|b .C15 vol.41, no.6
|
| 100 |
1 |
|
|a Hartman, Olga,
|d 1900-1974.
|
| 245 |
1 |
0 |
|a New species of Spionidae (Annelida polychaeta) from the coast of California.
|
| 264 |
|
1 |
|a Berkeley, Calif. :
|b University of California press,
|c 1936.
|
| 300 |
|
|
|a 45-52 pages :
|b illustrations ;
|c 26 cm.
|
| 336 |
|
|
|a text
|b txt
|2 rdacontent
|
| 337 |
|
|
|a unmediated
|b n
|2 rdamedia
|
| 338 |
|
|
|a volume
|b nc
|2 rdacarrier
|
| 490 |
1 |
|
|a University of California publications in zoology, v.41, no.6
|
| 504 |
|
|
|a "Literature cited": page 52.
|
| 650 |
|
0 |
|a Annelida.
|
| 650 |
|
0 |
|a Spionidae.
|
| 830 |
|
0 |
|a University of California publications in zoology ;
|v v. 41, no. 6.
|
| 999 |
|
|
|a MARS
|
| 999 |
f |
f |
|s 4101b217-63bc-348b-9667-ed7b1504b9fa
|i e9ef9e2f-f8a3-30ad-af56-99b809b93161
|t 0
|
| 952 |
f |
f |
|p ric
|a Texas A&M University
|b Rellis Campus
|c Joint Library Facility
|s JLF
|d Remote Storage
|t 0
|e QL1 .C15 v.41, no.6
|h Library of Congress classification
|i unspecified -- unspecified
|m A14833542143
|n 1
|
| 998 |
f |
f |
|a QL1 .C15 v.41, no.6
|t 0
|l Remote Storage
|